[Event "Mecklenburg VP LL2 Ost 2223"]
[Site "Mecklenburg VP"]
[Date "2023.03.19"]
[Round "7.1"]
[White "Sichler, Jakob"]
[Black "Westphal, Wolfgang"]
[Result "1/2-1/2"]
[WhiteElo "1821"]
[BlackElo "2175"]
[PlyCount "148"]
[EventDate "2022.10.23"]
[EventType "team-tourn"]
[EventRounds "9"]
[EventCountry "GER"]
[SourceTitle "EXT 2024"]
[Source "ChessBase"]
[SourceDate "2023.10.10"]
[SourceVersion "1"]
[SourceVersionDate "2023.10.10"]
[SourceQuality "1"]
[WhiteTeam "Greifswald II"]
[BlackTeam "Graal Mueritz"]
[WhiteTeamCountry "GER"]
[BlackTeamCountry "GER"]

1. e4 g6 2. d4 Bg7 3. Nf3 d6 4. Bc4 Nc6 5. 0-0 e5 6. dxe5 dxe5 7. Bg5 Qxd1 8. Rxd1 Bg4 9. Bb5 h6 10. Bxc6+ bxc6 11. Be3 Nf6 12. Nbd2 Nd7 13. h3 Be6 14. Nb3 a5 15. Nc5 Nxc5 16. Bxc5 f6 17. Ne1 Kf7 18. Nd3 Rhd8 19. Ba3 Rd4 20. f3 Rad8 21. Nf2 a4 22. b3 Bf8 23. Bxf8 Kxf8 24. Kf1 c5 25. Ke1 c4 26. bxa4 Ra8 27. c3 Rd6 28. Rxd6 cxd6 29. Nd1 Rxa4 30. Ne3 f5 31. Kd2 f4 32. Nc2 Ke7 33. Nb4 Kd7 34. Kc2 g5 35. Rd1 h5 36. Rh1 Ra8 37. Kb2 Kc7 38. Rd1 Rg8 39. a4 Ra8 40. Ra1 Kb6 41. Rd1 Kc5 42. Ka3 Bf7 43. Rd2 g4 44. hxg4 hxg4 45. fxg4 Rh8 46. Na6+ Kc6 47. Nb4+ Kc7 48. Na6+ Kd7 49. Kb4 Ra8 50. Kb5 Bg6 51. Nc5+ Ke7 52. Nb7 Bxe4 53. Nxd6 Bd3 54. Nf5+ Kf6 55. a5 e4 56. a6 e3 57. Rd1 Kg5 58. Re1 Rb8+ 59. Kc5 Rc8+ 60. Kb5 Bxf5 61. gxf5 Kxf5 62. g3 Ke4 63. gxf4 Kxf4 64. a7 Ke4 65. Ra1 Kd3 66. a8Q Rxa8 67. Rxa8 e2 68. Re8 Kxc3 69. Rxe2 Kd3 70. Re8 c3 71. Rd8+ Ke2 72. Kb4 c2 73. Rc8 Kd2 74. Rxc2+ Kxc2 1/2-1/2

[Event "Mecklenburg VP LL2 Ost 2223"]
[Site "Mecklenburg VP"]
[Date "2022.12.11"]
[Round "4.1"]
[White "Westphal, Wolfgang"]
[Black "Alder, Bodo"]
[Result "1-0"]
[WhiteElo "2175"]
[BlackElo "2002"]
[PlyCount "33"]
[EventDate "2022.10.23"]
[EventType "team-tourn"]
[EventRounds "9"]
[EventCountry "GER"]
[SourceTitle "EXT 2024"]
[Source "ChessBase"]
[SourceDate "2023.10.10"]
[SourceVersion "1"]
[SourceVersionDate "2023.10.10"]
[SourceQuality "1"]
[WhiteTeam "Graal Mueritz"]
[BlackTeam "Binz Therme Ruegen"]
[WhiteTeamCountry "GER"]
[BlackTeamCountry "GER"]

1. e4 c5 2. Nf3 e6 3. b4 Nf6 4. e5 Nd5 5. bxc5 Bxc5 6. c3 Nc6 7. d4 Be7 8. Bd3 d6 9. Qe2 dxe5 10. Nxe5 Nxe5 11. Qxe5 Bf6 12. Qe4 a6 13. 0-0 g6 14. Ba3 Be7 15. Bxe7 Qxe7 16. Re1 0-0 17. Qxd5 1-0

[Event "EU-chT Seniors 50"]
[Site "Dresden"]
[Date "2022.10.28"]
[Round "2.1"]
[White "Fritsche, Lutz"]
[Black "Westphal, Wolfgang"]
[Result "1/2-1/2"]
[WhiteElo "2306"]
[BlackElo "2143"]
[PlyCount "38"]
[EventDate "2022.10.27"]
[EventType "team-swiss"]
[EventRounds "9"]
[EventCountry "GER"]
[SourceTitle "EXT 2024"]
[Source "ChessBase"]
[SourceDate "2023.10.10"]
[SourceVersion "1"]
[SourceVersionDate "2023.10.10"]
[SourceQuality "1"]
[WhiteTeam "Germany 50"]
[BlackTeam "Graal Mueritz/Teterow 50"]
[WhiteTeamCountry "GER"]
[BlackTeamCountry "GER"]

1. e4 d5 2. exd5 Qxd5 3. Nc3 Qe5+ 4. Nge2 Bg4 5. d4 Qa5 6. f3 Bd7 7. b4 Qxb4 8. Rb1 Qa5 9. Bd2 e5 10. Nb5 Qb6 11. Nec3 Bxb5 12. Rxb5 Qxd4 13. Rd5 Qh4+ 14. g3 Qe7 15. Bh3 c6 16. Rd3 Qc7 17. 0-0 Bc5+ 18. Kh1 Nf6 19. Ne4 Be7 1/2-1/2

[Event "Bamberg op 4th"]
[Site "Bamberg"]
[Date "2022.07.30"]
[Round "5"]
[White "Westphal, Wolfgang"]
[Black "Hagner, Bennet"]
[Result "1/2-1/2"]
[WhiteElo "2175"]
[BlackElo "2224"]
[PlyCount "74"]
[EventDate "2022.07.27"]
[EventType "swiss"]
[EventRounds "9"]
[EventCountry "GER"]
[SourceTitle "EXT 2023"]
[Source "ChessBase"]
[SourceDate "2022.10.05"]
[SourceVersion "1"]
[SourceVersionDate "2022.10.05"]
[SourceQuality "1"]

1. Nf3 Nf6 2. b3 d5 3. Bb2 Bf5 4. e3 e6 5. c4 Bd6 6. cxd5 exd5 7. Nc3 c6 8. d4 Qe7 9. Bd3 Bxd3 10. Qxd3 Nbd7 11. 0-0 Ne4 12. Nd2 f5 13. f4 Nxd2 14. Qxd2 h5 15. Nd1 h4 16. Nf2 Nf6 17. Qd3 Qe6 18. a4 0-0 19. Ba3 Bxa3 20. Rxa3 Rae8 21. b4 Nd7 22. a5 Qe7 23. Qc3 Rf6 24. Nh3 Re6 25. Rf3 Rh6 26. Ng5 Nf6 27. Qc5 a6 28. Qxe7 Rxe7 29. Rf2 Ne4 30. Nxe4 Rxe4 31. Rf3 Kf7 32. Rh3 Kg6 33. Kf2 Kh5 34. Kf3 g5 35. fxg5 Kxg5 36. g3 Rg4 37. Ra2 Kf6 1/2-1/2

[Event "GER-ch Net Amateur Gr-A Final"]
[Site "Playchess.com INT"]
[Date "2020.04.18"]
[Round "3"]
[White "Namyslo, Holger"]
[Black "Westphal, Wolfgang"]
[Result "1/2-1/2"]
[WhiteElo "2007"]
[BlackElo "2069"]
[PlyCount "106"]
[EventDate "2020.04.18"]
[EventType "swiss (blitz)"]
[EventRounds "13"]
[EventCountry "GER"]
[SourceTitle "CBM 195 Extra"]
[Source "ChessBase"]
[SourceDate "2020.05.31"]
[SourceVersion "1"]
[SourceVersionDate "2020.05.31"]
[SourceQuality "1"]

1. e4 c5 2. Nf3 Nc6 3. d4 cxd4 4. Nxd4 e5 5. Nb5 a6 6. Nd6+ Bxd6 7. Qxd6 Qf6 8. Qa3 Nge7 9. Be3 Rb8 10. Nc3 b5 11. Nd5 Nxd5 12. exd5 b4 13. Qd3 Ne7 14. 0-0-0 d6 15. h4 h6 16. Be2 Qg6 17. Qxg6 Nxg6 18. h5 Ne7 19. f4 f6 20. fxe5 fxe5 21. Bd3 0-0 22. Be4 Bf5 23. Bxf5 Nxf5 24. Bd2 a5 25. Rh3 Rbc8 26. Kb1 Rc5 27. Be1 Rfc8 28. c3 bxc3 29. Rxc3 Rxc3 30. Bxc3 Rc5 31. Rd3 Ne7 32. g4 Nxd5 33. Bd2 Kf7 34. g5 hxg5 35. Bxg5 Ke6 36. h6 gxh6 37. Bxh6 Rc4 38. Bf8 Rd4 39. Rxd4 exd4 40. Kc2 Nb6 41. Kd3 Kd5 42. Bg7 a4 43. Bxd4 Nc4 44. b3 axb3 45. axb3 Na5 46. b4 Nc6 47. Bc3 Na7 48. Be1 Nb5 49. Bg3 Kc6 50. Bxd6 Kxd6 51. Kc4 Kc6 52. Kd3 Nd6 53. b5+ Kxb5 1/2-1/2

[Event "GER-ch Net Amateur Gr-A Final"]
[Site "Playchess.com INT"]
[Date "2020.04.18"]
[Round "4"]
[White "Westphal, Wolfgang"]
[Black "Gallasch, Jonas"]
[Result "1-0"]
[WhiteElo "2069"]
[BlackElo "1994"]
[PlyCount "101"]
[EventDate "2020.04.18"]
[EventType "swiss (blitz)"]
[EventRounds "13"]
[EventCountry "GER"]
[SourceTitle "CBM 195 Extra"]
[Source "ChessBase"]
[SourceDate "2020.05.31"]
[SourceVersion "1"]
[SourceVersionDate "2020.05.31"]
[SourceQuality "1"]

1. e4 c6 2. Bc4 d5 3. Bb3 dxe4 4. Qh5 g6 5. Qh4 Nf6 6. Nc3 Bf5 7. f3 exf3 8. Nxf3 Bg7 9. d4 0-0 10. Bg5 Nbd7 11. 0-0 Qb6 12. Kh1 e6 13. h3 Nd5 14. Rae1 Nb4 15. Rf2 c5 16. dxc5 Nxc5 17. Be7 Rfe8 18. Bxc5 Qxc5 19. g4 Bxc3 20. bxc3 Qxc3 21. gxf5 exf5 22. Rxe8+ Rxe8 23. Kg2 Qc6 24. Qxb4 Re4 25. Qd2 Kg7 26. Bd5 Qa4 27. Bxe4 fxe4 28. Qd4+ Qxd4 29. Nxd4 f5 30. Nxf5+ gxf5 31. Rxf5 Kg6 32. Re5 h5 33. Rxe4 Kg5 34. h4+ Kf5 35. Kf3 b6 36. a4 a6 37. Rb4 b5 38. axb5 axb5 39. Rxb5+ Kg6 40. Rg5+ Kf6 41. Rxh5 Ke6 42. Ke4 Kd6 43. Rg5 Ke6 44. h5 Ke7 45. h6 Kf6 46. Rg1 Kf7 47. h7 Ke6 48. h8Q Kf7 49. Qh6 Ke8 50. Rg7 Kf8 51. Qh8# 1-0

[Event "GER-ch Net Amateur Gr-A Final"]
[Site "Playchess.com INT"]
[Date "2020.04.18"]
[Round "12"]
[White "Westphal, Wolfgang"]
[Black "Gutheil, Heinrich"]
[Result "1-0"]
[WhiteElo "2069"]
[BlackElo "2184"]
[PlyCount "109"]
[EventDate "2020.04.18"]
[EventType "swiss (blitz)"]
[EventRounds "13"]
[EventCountry "GER"]
[SourceTitle "CBM 195 Extra"]
[Source "ChessBase"]
[SourceDate "2020.05.31"]
[SourceVersion "1"]
[SourceVersionDate "2020.05.31"]
[SourceQuality "1"]

1. e4 g6 2. d4 Bg7 3. Nc3 c6 4. h4 h5 5. Nf3 d5 6. e5 Bg4 7. Be2 e6 8. Nd2 Bxe2 9. Qxe2 Ne7 10. Nd1 Nf5 11. g3 Nxd4 12. Qd3 Bxe5 13. c3 Nf5 14. f4 Bg7 15. Nf3 Nxg3 16. Rg1 Nf5 17. Ne3 Nxh4 18. Ng5 Nd7 19. Bd2 Bf6 20. Qe2 Bxg5 21. Rxg5 Nf5 22. Nxf5 gxf5 23. 0-0-0 Qa5 24. Kb1 h4 25. Rxf5 Qa6 26. Qxa6 bxa6 27. Rg5 Nf6 28. Be3 Ne4 29. Rg2 0-0-0 30. Bxa7 h3 31. Rh2 Rh5 32. Rdh1 Rdh8 33. Rg1 R8h6 34. a4 Rg6 35. Rgh1 Rg2 36. Rxh3 Rxh3 37. Rxh3 Rg4 38. Be3 Kd7 39. Ka2 Rg3 40. Rxg3 Nxg3 41. b4 Nf5 42. Bf2 f6 43. Kb3 e5 44. fxe5 fxe5 45. Kc2 Nd6 46. Kd3 Nc4 47. a5 Ke6 48. Bg3 Kf5 49. Bh4 Kg4 50. Bf6 Kf3 51. Bh4 Kg4 52. Bf2 e4+ 53. Kd4 Kf3 54. Bh4 e3 55. Kc5 1-0

[Event "GER-ch Net Amateur Gr-A Vor2"]
[Site "Playchess.com INT"]
[Date "2020.04.15"]
[Round "2"]
[White "Wagner, Rainer"]
[Black "Westphal, Wolfgang"]
[Result "0-1"]
[WhiteElo "1844"]
[BlackElo "2036"]
[PlyCount "38"]
[EventDate "2020.04.15"]
[EventType "swiss (blitz)"]
[EventRounds "9"]
[EventCountry "GER"]
[SourceTitle "CBM 196 Extra"]
[Source "ChessBase"]
[SourceDate "2020.07.31"]
[SourceVersion "1"]
[SourceVersionDate "2020.07.31"]
[SourceQuality "1"]

1. d4 Nf6 2. c4 e6 3. Nc3 Bb4 4. f3 0-0 5. e4 Nh5 6. Nge2 f5 7. g3 fxe4 8. fxe4 c5 9. Be3 Nc6 10. Bg2 cxd4 11. Nxd4 Qa5 12. Nxc6 bxc6 13. Qd2 Ba6 14. Bf1 d5 15. cxd5 cxd5 16. exd5 Rad8 17. Bg2 Nf6 18. 0-0-0 Bxc3 19. Qxc3 Rc8 0-1

[Event "GER-ch Net Amateur Gr-A Vor2"]
[Site "Playchess.com INT"]
[Date "2020.04.15"]
[Round "6"]
[White "Westphal, Wolfgang"]
[Black "Ahrends, Norbert"]
[Result "0-1"]
[WhiteElo "2036"]
[BlackElo "1765"]
[PlyCount "98"]
[EventDate "2020.04.15"]
[EventType "swiss (blitz)"]
[EventRounds "9"]
[EventCountry "GER"]
[SourceTitle "CBM 196 Extra"]
[Source "ChessBase"]
[SourceDate "2020.07.31"]
[SourceVersion "1"]
[SourceVersionDate "2020.07.31"]
[SourceQuality "1"]

1. e4 e5 2. Nf3 Nc6 3. Nc3 Nf6 4. a3 d5 5. exd5 Nxd5 6. Bb5 Nxc3 7. Bxc6+ bxc6 8. dxc3 Qxd1+ 9. Kxd1 f6 10. Be3 Bg4 11. h3 Bh5 12. Kc1 Be7 13. Nd2 0-0 14. f3 f5 15. b4 Bf6 16. Kb2 a5 17. Nc4 Rfb8 18. Bc5 Bf7 19. Ne3 g6 20. Rhd1 Be6 21. g4 Kf7 22. Rg1 e4 23. gxf5 gxf5 24. fxe4 fxe4 25. Raf1 axb4 26. axb4 Ra2+ 27. Kc1 Rd8 28. Bd4 Rxd4 29. cxd4 Ke7 30. c3 h6 31. Rg6 Bg5 32. Re1 Ra1+ 33. Kd2 Rxe1 34. Kxe1 Bxe3 35. h4 h5 36. Ke2 Bf4 37. Rg7+ Kd6 38. Rh7 Bg4+ 39. Ke1 Bg3+ 40. Kd2 Bxh4 41. Ke3 Bf3 42. c4 Bg5+ 43. Kf2 Bg4 44. Rg7 e3+ 45. Kg3 e2 46. c5+ Ke6 47. Rxg5 e1Q+ 48. Kf4 Qd2+ 49. Ke4 Qxg5 0-1

[Event "GER-ch Net blitz qual5"]
[Site "Playchess.com INT"]
[Date "2020.03.28"]
[Round "13"]
[White "Brunke, Christian"]
[Black "Westphal, Wolfgang"]
[Result "0-1"]
[WhiteElo "2146"]
[BlackElo "2153"]
[PlyCount "152"]
[EventDate "2020.03.28"]
[EventType "swiss (blitz)"]
[EventRounds "13"]
[EventCountry "GER"]
[SourceTitle "CBM 195 Extra"]
[Source "ChessBase"]
[SourceDate "2020.05.31"]
[SourceVersion "1"]
[SourceVersionDate "2020.05.31"]
[SourceQuality "1"]

1. e4 c5 2. b3 b6 3. Bb2 Bb7 4. d3 d5 5. exd5 Qxd5 6. Nf3 Nf6 7. Nc3 Qd8 8. g3 e6 9. Bg2 Be7 10. 0-0 0-0 11. Qe2 Nc6 12. Ne4 Nxe4 13. dxe4 Qc7 14. Rad1 Rad8 15. a3 Rxd1 16. Rxd1 Rd8 17. Rxd8+ Qxd8 18. Qd2 Qxd2 19. Nxd2 e5 20. Nc4 f6 21. Bf1 Kf7 22. Bd3 Bc8 23. f3 Be6 24. Ne3 g6 25. Kf2 Nd4 26. Nd5 Bxd5 27. exd5 Nf5 28. g4 Nd6 29. c4 Bf8 30. Bc3 Bg7 31. h3 f5 32. gxf5 gxf5 33. Bd2 Kg6 34. b4 e4 35. bxc5 bxc5 36. fxe4 fxe4 37. Be2 Bd4+ 38. Be3 Bxe3+ 39. Kxe3 Kf5 40. Bf1 Ke5 41. Be2 Nf5+ 42. Kf2 Kf4 43. Bf1 h5 44. Be2 h4 45. Bf1 e3+ 46. Kg2 Ke4 47. Be2 Nd4 48. Kf1 Nf5 49. Kg2 Nd6 50. Kf1 Kd4 51. Kg2 a5 52. Kf3 a4 53. Bf1 Ne4 54. Be2 Ng3 55. Bd1 Ne4 56. Be2 Ng5+ 57. Kg4 Nf7 58. Kxh4 Kc3 59. Kg4 Kd2 60. Kf3 Ne5+ 61. Ke4 Kxe2 62. Kxe5 Kf2 63. d6 e2 64. d7 e1Q+ 65. Kd6 Qd2+ 66. Kc7 Qf4+ 67. Kc8 Qf5 68. h4 Ke3 69. h5 Kd4 70. h6 Kxc4 71. h7 Qxh7 72. d8Q Qh3+ 73. Kb7 Qb3+ 74. Ka6 Qb5+ 75. Ka7 Kb3 76. Qd3+ Qxd3 0-1

[Event "GER-ch Net blitz qual5"]
[Site "Playchess.com INT"]
[Date "2020.03.28"]
[Round "9"]
[White "Schuster, Karsten"]
[Black "Westphal, Wolfgang"]
[Result "1/2-1/2"]
[WhiteElo "2317"]
[BlackElo "2153"]
[PlyCount "98"]
[EventDate "2020.03.28"]
[EventType "swiss (blitz)"]
[EventRounds "13"]
[EventCountry "GER"]
[SourceTitle "CBM 195 Extra"]
[Source "ChessBase"]
[SourceDate "2020.05.31"]
[SourceVersion "1"]
[SourceVersionDate "2020.05.31"]
[SourceQuality "1"]

1. d4 Nf6 2. c4 e5 3. Nc3 exd4 4. Qxd4 Nc6 5. Qd1 Bb4 6. Bd2 0-0 7. a3 Bxc3 8. Bxc3 Ne4 9. Qc2 Nxc3 10. Qxc3 d6 11. Nf3 Bg4 12. e3 Bxf3 13. gxf3 Qe7 14. Be2 Qe5 15. Qxe5 dxe5 16. 0-0-0 Rad8 17. Bd3 Ne7 18. Be4 c6 19. Rxd8 Rxd8 20. Rd1 Rxd1+ 21. Kxd1 f5 22. Bd3 g6 23. Kd2 Kf7 24. Kc3 Ke6 25. b4 Kd6 26. c5+ Ke6 27. Bc4+ Kf6 28. a4 g5 29. b5 Nc8 30. Kb4 Ke7 31. Bg8 h6 32. Bh7 f4 33. Bf5 Kd8 34. Kc4 Ne7 35. Be4 Kc7 36. h3 Ng8 37. bxc6 bxc6 38. Kd3 Nf6 39. Bf5 Kb7 40. Kc4 Kc7 41. Be6 Kb7 42. Bf7 a5 43. Kd3 Kc7 44. Be6 Kd8 45. Bf5 Ke7 46. Be4 Kd7 47. Bf5+ Ke7 48. Be4 Kd7 49. Bf5+ Ke7 1/2-1/2

[Event "GER-ch Net blitz qual4"]
[Site "Playchess.com INT"]
[Date "2020.03.23"]
[Round "3"]
[White "Kuhn, Hubert"]
[Black "Westphal, Wolfgang"]
[Result "1/2-1/2"]
[WhiteElo "2019"]
[BlackElo "2153"]
[PlyCount "198"]
[EventDate "2020.03.23"]
[EventType "swiss (blitz)"]
[EventRounds "9"]
[EventCountry "GER"]
[SourceTitle "CBM 195 Extra"]
[Source "ChessBase"]
[SourceDate "2020.05.31"]
[SourceVersion "1"]
[SourceVersionDate "2020.05.31"]
[SourceQuality "1"]

1. d4 Nf6 2. Nf3 e6 3. g3 b6 4. Bg2 Bb7 5. 0-0 Be7 6. c4 0-0 7. Nc3 Ne4 8. Qc2 Nxc3 9. Qxc3 f5 10. Re1 a5 11. a3 Bf6 12. b3 d6 13. Bb2 Nd7 14. Qd2 Qe7 15. b4 g6 16. h4 e5 17. d5 Qg7 18. Ng5 Bxg5 19. hxg5 Qf7 20. f4 Rfe8 21. e4 fxe4 22. Bxe4 axb4 23. axb4 Rxa1 24. Bxa1 h5 25. gxh6 Kh7 26. Rf1 exf4 27. Rxf4 Qe7 28. Qd3 Rg8 29. Qf3 Rf8 30. Bg7 Rxf4 31. Qxf4 Ne5 32. c5 Bc8 33. Bf8 Qf7 34. cxd6 cxd6 35. Bxd6 Qxf4 36. gxf4 Nc4 37. Bc7 Kxh6 38. Bd3 Ba6 39. Bxb6 Nxb6 40. Bxa6 Nxd5 41. b5 Kh5 42. Bb7 Nb6 43. Bf3+ Kh4 44. Kf2 g5 45. f5 g4 46. Bg2 Kg5 47. Kg3 Kxf5 48. Bc6 Kg5 49. Be8 Nc4 50. Bd7 Ne5 51. Bxg4 Kf6 52. Bf3 Ke7 53. Kf4 Ng6+ 54. Ke4 Kd7 55. Kd4 Kc7 56. Kc5 Ne5 57. b6+ Kb8 58. Bc6 Nd3+ 59. Kd6 Nb4 60. b7 Nd3 61. Be4 Nf2 62. Bc6 Ng4 63. Bd7 Ne3 64. Bc6 Nc4+ 65. Kc5 Nd2 66. Kb6 Nc4+ 67. Kc5 Ne5 68. Kd6 Ng4 69. Kc5 Nf6 70. Kd6 Ne8+ 71. Kc5 Ng7 72. Bg2 Nf5 73. Kb6 Ne3 74. Be4 Nc4+ 75. Kc5 Nd2 76. Bc6 Nb3+ 77. Kb6 Nd4 78. Bd5 Nf5 79. Kc5 Kc7 80. Be4 Ne7 81. b8Q+ Kxb8 82. Kd6 Ng8 83. Ke6 Kc7 84. Kf7 Nh6+ 85. Kg6 Ng4 86. Bf5 Ne5+ 87. Kf6 Kd6 88. Be6 Nd3 89. Bg4 Nc5 90. Kg5 Ke5 91. Be2 Ne6+ 92. Kg4 Nd4 93. Bd3 Nc6 94. Bf5 Ne7 95. Bd7 Ng6 96. Kg5 Ne7 97. Ba4 Nd5 98. Kg4 Ne3+ 99. Kf3 Nd5 1/2-1/2

[Event "GER-ch Net blitz qual4"]
[Site "Playchess.com INT"]
[Date "2020.03.23"]
[Round "6"]
[White "Seul, Georg"]
[Black "Westphal, Wolfgang"]
[Result "0-1"]
[WhiteElo "2372"]
[BlackElo "2153"]
[PlyCount "88"]
[EventDate "2020.03.23"]
[EventType "swiss (blitz)"]
[EventRounds "9"]
[EventCountry "GER"]
[SourceTitle "CBM 195 Extra"]
[Source "ChessBase"]
[SourceDate "2020.05.31"]
[SourceVersion "1"]
[SourceVersionDate "2020.05.31"]
[SourceQuality "1"]

1. e4 c5 2. Nf3 Nc6 3. Bb5 Nd4 4. Nxd4 cxd4 5. 0-0 g6 6. d3 Bg7 7. f4 e6 8. f5 a6 9. Ba4 b5 10. Bb3 d5 11. fxe6 Bxe6 12. Qf3 Ne7 13. Bg5 Qd7 14. Bxe7 Qxe7 15. exd5 Bf5 16. g4 Qe3+ 17. Kg2 Qxf3+ 18. Kxf3 Bd7 19. Re1+ Kd8 20. Nd2 h5 21. g5 Bg4+ 22. Kf2 Kd7 23. Ne4 Rhe8 24. Nf6+ Bxf6 25. gxf6 Kd6 26. h4 Re5 27. Re4 Rf5+ 28. Kg3 Rf3+ 29. Kg2 Rxf6 30. Rxd4 Re8 31. a4 Re2+ 32. Kg1 Rff2 33. axb5 Rg2+ 34. Kh1 Rh2+ 35. Kg1 Reg2+ 36. Kf1 Bh3 37. Rxa6+ Kc7 38. d6+ Kb8 39. Rb6+ Kc8 40. d7+ Bxd7 41. Rbd6 Bh3 42. Rd8+ Kc7 43. b6+ Kxb6 44. R4d6+ Kc7 0-1

[Event "GER-ch Net blitz qual4"]
[Site "Playchess.com INT"]
[Date "2020.03.23"]
[Round "7"]
[White "Westphal, Wolfgang"]
[Black "Dehn, Marcus"]
[Result "1-0"]
[WhiteElo "2153"]
[BlackElo "2098"]
[PlyCount "73"]
[EventDate "2020.03.23"]
[EventType "swiss (blitz)"]
[EventRounds "9"]
[EventCountry "GER"]
[SourceTitle "CBM 195 Extra"]
[Source "ChessBase"]
[SourceDate "2020.05.31"]
[SourceVersion "1"]
[SourceVersionDate "2020.05.31"]
[SourceQuality "1"]

1. e4 d5 2. d4 dxe4 3. Nc3 g6 4. Nxe4 Bg7 5. Nf3 Nh6 6. c3 Nf5 7. Bd3 b6 8. Ng3 Nd6 9. 0-0 Nd7 10. Bf4 Bb7 11. Ne5 0-0 12. Qd2 c5 13. Nxd7 Qxd7 14. dxc5 bxc5 15. Rad1 Qa4 16. a3 Rad8 17. Qe2 Rfe8 18. Be3 Qa5 19. Bf4 Qa4 20. Be5 f6 21. Bxd6 exd6 22. Qc2 Qxc2 23. Bxc2 f5 24. Rfe1 Kf8 25. Ba4 Rxe1+ 26. Rxe1 d5 27. Rd1 d4 28. cxd4 cxd4 29. Ne2 Ke7 30. Nf4 Be4 31. f3 Bb7 32. Nd3 Ba6 33. Nb4 Bb7 34. Bc6 Ba8 35. Bxa8 Rxa8 36. Kf1 Rb8 37. Nc6+ 1-0

[Event "GER-ch Net blitz qual4"]
[Site "Playchess.com INT"]
[Date "2020.03.23"]
[Round "2"]
[White "Westphal, Wolfgang"]
[Black "Mechlenburg Waengler, Wolfgang"]
[Result "1-0"]
[WhiteElo "2153"]
[BlackElo "1620"]
[PlyCount "31"]
[EventDate "2020.03.23"]
[EventType "swiss (blitz)"]
[EventRounds "9"]
[EventCountry "GER"]
[SourceTitle "CBM 195 Extra"]
[Source "ChessBase"]
[SourceDate "2020.05.31"]
[SourceVersion "1"]
[SourceVersionDate "2020.05.31"]
[SourceQuality "1"]

1. e4 e5 2. d4 Nc6 3. Nf3 Nf6 4. Nc3 d6 5. dxe5 Bg4 6. exf6 gxf6 7. Be2 h5 8. h3 Be6 9. Nd4 f5 10. exf5 Bd5 11. Nxd5 Bg7 12. Nxc6 bxc6 13. Nc3 d5 14. Bxh5 Qe7+ 15. Qe2 0-0 16. Qxe7 1-0

[Event "GER-ch Net blitz qual3"]
[Site "Playchess.com INT"]
[Date "2020.03.21"]
[Round "5"]
[White "Serbu, Daniel Elias"]
[Black "Westphal, Wolfgang"]
[Result "0-1"]
[WhiteElo "2348"]
[BlackElo "2153"]
[PlyCount "164"]
[EventDate "2020.03.21"]
[EventType "swiss (blitz)"]
[EventRounds "9"]
[EventCountry "GER"]
[SourceTitle "CBM 195 Extra"]
[Source "ChessBase"]
[SourceDate "2020.05.31"]
[SourceVersion "1"]
[SourceVersionDate "2020.05.31"]
[SourceQuality "1"]

1. e4 c5 2. c3 g6 3. d4 cxd4 4. cxd4 d5 5. exd5 Nf6 6. Bb5+ Bd7 7. Bc4 Bg7 8. d6 e6 9. Nf3 0-0 10. 0-0 Qb6 11. b3 Nc6 12. Be3 Qb4 13. d5 exd5 14. a3 Qa5 15. Bd3 Qd8 16. Nbd2 Bg4 17. Rc1 Re8 18. h3 Bxf3 19. Nxf3 Qxd6 20. b4 a6 21. Qb3 Rad8 22. Rfd1 Qe7 23. Bc5 Qc7 24. Nd4 Ne4 25. Nxc6 bxc6 26. Bxa6 Nxc5 27. Rxc5 Qb6 28. Bf1 Rd6 29. Qc2 h5 30. Rc1 Ree6 31. Rd1 Kh7 32. Qd3 d4 33. Qc4 Qd8 34. Rc1 Qf6 35. Bd3 Kg8 36. Rc2 Bf8 37. g3 h4 38. g4 Qf4 39. Qb3 Bg7 40. Rc1 Be5 41. Qd1 Qh2+ 42. Kf1 Rf6 43. f3 Qxh3+ 44. Kf2 Bg3+ 45. Ke2 Rde6+ 46. Be4 Qg2+ 47. Kd3 Rxe4 48. fxe4 Bf2 49. Kc4 Qxe4 50. Kb3 Qe6+ 51. Ka4 Be3 52. R1c2 Qc8 53. Qd3 Qa8+ 54. Kb3 h3 55. Qe2 Rf2 56. Qd3 Rxc2 57. Rxc2 Qb8 58. Qc4 h2 59. Qf1 Qe5 60. Rxc6 Qd5+ 61. Rc4 h1Q 62. Qxh1 Qxh1 63. Rc8+ Kg7 64. Rc4 d3 65. Rc3 d2 66. Rd3 d1Q+ 67. Rxd1 Qxd1+ 68. Kc4 Qc2+ 69. Kb5 Qb3 70. g5 Bxg5 71. a4 Be7 72. a5 Qxb4+ 73. Ka6 Qxa5+ 74. Kb7 f5 75. Kb8 f4 76. Kb7 f3 77. Kc6 f2 78. Kd7 f1Q 79. Ke8 Bh4 80. Kd7 Qd3+ 81. Kc6 Qab5+ 82. Kc7 Qdd7# 0-1

[Event "Oberliga Nord N 1920"]
[Site "Germany"]
[Date "2020.01.19"]
[Round "5.6"]
[White "Becker, Martin"]
[Black "Westphal, Wolfgang"]
[Result "1/2-1/2"]
[WhiteElo "1932"]
[BlackElo "2164"]
[PlyCount "59"]
[EventDate "2019.09.29"]
[EventType "team-tourn"]
[EventRounds "9"]
[EventCountry "GER"]
[SourceTitle "CBM 195 Extra"]
[Source "ChessBase"]
[SourceDate "2020.05.31"]
[SourceVersion "1"]
[SourceVersionDate "2020.05.31"]
[SourceQuality "1"]

1. e4 c5 2. Nf3 Nc6 3. d4 cxd4 4. Nxd4 e5 5. Nb5 a6 6. Nd6+ Bxd6 7. Qxd6 Qf6 8. Qd1 Qg6 9. Nc3 d5 10. f3 Nge7 11. Nxd5 Nxd5 12. Qxd5 Be6 13. Qd2 Rd8 14. Qf2 f5 15. exf5 Bxf5 16. c3 0-0 17. Bc4+ Be6 18. Bxe6+ Qxe6 19. 0-0 Qg6 20. Qe2 Rd3 21. Be3 Rfd8 22. Rad1 h6 23. Rxd3 Rxd3 24. Bc1 Qd6 25. f4 Qd5 26. fxe5 Nxe5 27. Re1 Ng6 28. a3 Kh7 29. Qf2 Qb3 30. Qe2 1/2-1/2

[Event "Staufer op 32nd"]
[Site "Schwaebisch Gmuend"]
[Date "2020.01.03"]
[Round "3"]
[White "Hacker, Jonas"]
[Black "Westphal, Wolfgang"]
[Result "1-0"]
[WhiteElo "2375"]
[BlackElo "2151"]
[PlyCount "53"]
[EventDate "2020.01.02"]
[EventType "swiss"]
[EventRounds "9"]
[EventCountry "GER"]
[SourceTitle "CBM 194 Extra"]
[Source "ChessBase"]
[SourceDate "2020.03.31"]
[SourceVersion "1"]
[SourceVersionDate "2020.03.31"]
[SourceQuality "1"]

1. e4 e5 2. Nf3 d5 3. exd5 e4 4. Qe2 Nf6 5. d3 Qe7 6. dxe4 Qxe4 7. Nc3 Qxe2+ 8. Bxe2 Bb4 9. Bd2 0-0 10. 0-0-0 Re8 11. Bb5 Bd7 12. Bxd7 Nbxd7 13. Nb5 Bxd2+ 14. Rxd2 Rec8 15. Nc3 Nb6 16. Rhd1 a6 17. Nd4 g6 18. Nb3 Nc4 19. Rd4 Nd6 20. Nc5 Re8 21. f3 Re7 22. N5e4 Nfxe4 23. Nxe4 Kg7 24. a4 b5 25. Nxd6 cxd6 26. b3 Rc8 27. R1d2 1-0

[Event "Oberliga Nord N 1920"]
[Site "Germany"]
[Date "2019.09.29"]
[Round "1.6"]
[White "Westphal, Wolfgang"]
[Black "Dietz, Juergen"]
[Result "0-1"]
[WhiteElo "2164"]
[BlackElo "2174"]
[PlyCount "94"]
[EventDate "2019.09.29"]
[EventType "team-tourn"]
[EventRounds "9"]
[EventCountry "GER"]
[SourceTitle "CBM 195 Extra"]
[Source "ChessBase"]
[SourceDate "2020.05.31"]
[SourceVersion "1"]
[SourceVersionDate "2020.05.31"]
[SourceQuality "1"]

1. e4 e6 2. Nf3 d5 3. e5 c5 4. b4 cxb4 5. d4 Ne7 6. a3 Nf5 7. axb4 Bxb4+ 8. c3 Be7 9. Bd3 Nc6 10. h4 h5 11. g3 Rb8 12. Ng5 b5 13. Qf3 b4 14. Be3 bxc3 15. 0-0 Bxg5 16. Bxf5 Bxe3 17. Bg6 fxg6 18. fxe3 Qe7 19. Nxc3 Rf8 20. Qe2 a6 21. Qc2 Rf5 22. Nxd5 Qd7 23. Nf4 Nxd4 24. exd4 Qxd4+ 25. Qf2 Qxf2+ 26. Rxf2 Rb3 27. Rc1 Bb7 28. Kh2 g5 29. hxg5 Rxg5 30. Rc7 Rb1 31. Ng2 Rf5 32. Rd2 Rff1 33. g4 Rh1+ 34. Kg3 Rb3+ 35. Kf4 Rb4+ 36. Ke3 Rh3+ 37. Kf2 Rh2 38. Kg1 Rxg2+ 39. Rxg2 Bxg2 40. Kxg2 Rxg4+ 41. Kf3 g5 42. Rc6 Kf7 43. Rxa6 Rf4+ 44. Ke3 h4 45. Rb6 h3 46. Rb2 Kg6 47. Rh2 Ra4 0-1